| 000 | 00623nam a22002537a 4500 | ||
|---|---|---|---|
| 003 | UA-OsUOA | ||
| 001 | 25071 | ||
| 007 | ta | ||
| 008 | 20040312b un ||||| |||| 00| 0 ukr d | ||
| 100 | _aЗемлин А.И. | ||
| 090 |
_a347.73 _bЗ-51 |
||
| 942 | _cBK | ||
| 040 |
_aUA-OsUOA _brus _cUA-OsUOA _dUA-OsUOA |
||
| 245 |
_aБюджетное право _bСхеми и комментарии |
||
| 300 | _a240 с. | ||
| 955 | _a0 | ||
| 041 | _arus | ||
| 080 | _a347.73 | ||
| 020 | _a5-8401-0078-1 | ||
| 260 |
_aМосква _bЮриспунденция _c2001 |
||
| 044 | _aRU | ||
| 650 | 7 | _2UDC | |
| 999 |
_c311362 _d311362 |
||